Word Ladder: 60's Cult Movie Quiz Stats

 Plays Quiz Updated Oct 5, 2015

Challenge
Share
Tweet
Embed
Score 0/13 Timer 01:30
3 Plays Today
Clue 5-Letter Word % Correct
* Direct with a finger; a dot ** POINT *
91.5%
Lead singer of 'The Police'STING
90.6%
Hard type of rock that produces a sparkFLINT
90.1%
To pass outFAINT
87.4%
Brief affairFLING
87.3%
Strong unpleasant smellSTINK
87%
To cast with a sudden, sweeping motionSLING
80.6%
Year-round coatPAINT
80.1%
* Devoid of text ** BLANK *
78.5%
A tall chimney on a factorySTACK
75.3%
Piece of a tree or shrubSTICK
73%
Roulette betBLACK
72.7%
To evade workSLACK
72%

Today's Daily Dose

You're not logged in!

Compare scores with friends on all Sporcle quizzes.
OR
Log In

You Might Also Like...

Show Comments

Extras

Top Quizzes Today


Score Distribution

Your Account Isn't Verified!

In order to create a playlist on Sporcle, you need to verify the email address you used during registration. Go to your Sporcle Settings to finish the process.

Report this User

Report this user for behavior that violates our Community Guidelines.

Details: